| 000 | 00000nas 2200000zi 4500 |
| 001 | 9.956237 |
| 003 | CaOODSP |
| 005 | 20251031160437 |
| 006 | m o d f |
| 007 | cr cn |||||||| |
| 008 | 251010c20259999oncar p o f0###a0eng d |
| 022 | |a2819-7127 |
| 040 | |aCaOODSP|beng|erda|cCaOODSP |
| 043 | |an-cn--- |
| 086 | 1 |aPS61-60E-PDF |
| 222 | 0|aAnnual report |b(International Police Peacekeeping and Peace Operations Program (Canada)) |
| 245 | 00|aAnnual report / |cInternational Police Peacekeeping and Peace Operations Program. |
| 264 | 1|a[Ottawa] : |bGovernment of Canada = Gouvernement du Canada, |c[2025]- |
| 310 | |aAnnual |
| 336 | |atext|btxt|2rdacontent |
| 337 | |acomputer|bc|2rdamedia |
| 338 | |aonline resource|bcr|2rdacarrier |
| 362 | 1 |aBegan with: 2024/2025. |
| 500 | |aIssued also in French under title: Rapport annuel. |
| 520 | 2 |a"The Canadian Police Arrangement (CPA) - International Police Peacekeeping and Peace Operations (IPP) Program supports Canada's commitment to building a more secure world by deploying police officers and civilian experts to serve in international peace and stabilization operations [...] The CPA refers to the broader program partnership between the Royal Canadian Mounted Police (RCMP), Global Affairs Canada (GAC), and Public Safety Canada (PSC), while IPP refers to the operational program administered by the RCMP's International Peace Operations team" -- issue of 2024/2025. |
| 588 | |aDescription based on: 2024/2025; title from PDF cover page. |
| 588 | |aLatest issue consulted: 2024/2025. |
| 650 | 0|aPeacekeeping forces, Canadian|vPeriodicals. |
| 650 | 0|aPeace-building, Canadian|vPeriodicals. |
| 655 | 7|aPeriodicals|2lcgft |
| 710 | 2 |aRoyal Canadian Mounted Police, |eissuing body. |
| 775 | 08|tRapport annuel / |w(CaOODSP)9.956236 |